Países com Maior Poluição Atmosférica - Statistics

Estatísticas Gerais
  • Esse quiz foi jogado 3 515 vezes
    2 915 desde o último reset
  • A pontuação média é 9 de 20
Estatísticas das Respostas
μg/m3 País % Correto
52.7 China
97%
90.9 Índia
87%
58.3 Paquistão
62%
87.0 Egito
56%
61.6 Iraque
54%
60.8 Bangladesh
53%
87.9 Arábia Saudita
52%
56.9 Afeganistão
48%
94.1 Níger
45%
71.8 Nigéria
43%
54.3 Líbia
40%
55.4 Sudão
39%
91.2 Catar
38%
99.7 Nepal
38%
66.0 Chade
33%
60.7 Kuwait
30%
70.8 Bahrein
28%
72.8 Camarões
20%
56.8 República Centro-Africana
20%
53.2 Guiné Equatorial
9%
Nenhum quiz correspondente encontrado
Distribuição das Pontuações
Porcentagem de Pessoas com Cada Pontuação
Percentil de Números Respondidos
Sua Pontuação Histórica
Você não jogou esse quiz desde o último reset